| 000 | 00776cam a22002411 4500 | ||
|---|---|---|---|
| 001 | ne 66002018 | ||
| 003 | DLC | ||
| 005 | 20260227111827.0 | ||
| 008 | 890106s1966 sy b 000 0 ara c | ||
| 010 | _ane 66002018 | ||
| 035 | _a(OCoLC)18978121 | ||
| 040 |
_aPrinceton Univ. Libr. _cTxU _dTxU _dDLC |
||
| 042 | _apremarc | ||
| 050 | 0 | 0 |
_aDS63 _b.K47 |
| 100 | 1 | _aKīlānī, Haytham. | |
| 245 | 1 | 3 |
_aal-Mawqiʻ al-strātījī al-ʻArabī, _ctaʼlīf Haytham al-Kīlānī. |
| 260 |
_a[Dimashq, _bWizarāt al-Thaqāfah wa-al-Irshād al-Qawmī, _c1966] |
||
| 300 |
_a303 p. _c20 cm. |
||
| 440 | 0 |
_aSilsilat kutub qawmīyah, _v6 |
|
| 651 | 0 |
_aArab countries _xEconomic conditions. |
|
| 651 | 0 |
_aArab countries _xMilitary policy. |
|
| 651 | 0 |
_aArab countries _xForeign relations. |
|
| 999 |
_c49250 _d49250 |
||